[Event "5.Online Aktivschach WM / Gruppe E"]
[Site "?"]
[Date "2009.01.11"]
[Round "6.2"]
[White "CM Gideon 3.0 32 MHz, TASC."]
[Black "Milano Pro, Mephisto"]
[Result "1/2-1/2"]
[WhiteElo "2338"]
[BlackElo "2166"]
[PlyCount "121"]
[EventDate "2009.??.??"]

1. d4 d5 2. Nf3 e6 3. c4 Nf6 4. Bg5 Be7 5. Nc3 O-O 6. e3 Nbd7 7. Rc1 c6 8. Bd3
dxc4 9. Bxc4 Nd5 10. Bxe7 Qxe7 11. O-O Nxc3 12. Rxc3 e5 13. Qc2 exd4 14. exd4
Nb6 15. Re3 Qf6 16. Bd3 Nd5 17. Re5 h6 18. Rfe1 Be6 19. Qb3 Nf4 20. Bc4 Qg6 21.
Nh4 Qg4 22. g3 Nh3+ 23. Kg2 Bxc4 24. Qxc4 Nf4+ 25. Kg1 Ne6 26. R5e4 Qg5 27. Qb4
b6 28. Re5 Qg4 29. f4 Rfd8 30. Qc4 Nxd4 31. Re7 Rd5 32. b3 b5 33. Qc3 Rad8 34.
b4 R8d7 35. Re8+ Kh7 36. a3 Rd8 37. Qe3 Rxe8 38. Qxe8 Qd7 39. Qe7 Rd6 40. Kh1
g6 41. g4 Nc2 42. f5 gxf5 43. Nxf5 Rd1 44. Qxd7 Rxd7 45. Re7 Rxe7 46. Nxe7 Nd4
47. Kg2 Kg7 48. Kg3 Kf8 49. Nc8 a6 50. Kf4 Nc2 51. Na7 Nxa3 52. Nxc6 Nc2 53.
Ke4 Kg7 54. Kd3 Na3 55. Kd4 Kg6 56. h4 Nc2+ 57. Kd3 Nxb4+ 58. Nxb4 f5 59. h5+
Kg5 60. gxf5 a5 61. Nc6 1/2-1/2

[Event "5.Online Aktivschach WM / Gruppe F"]
[Site "?"]
[Date "2008.11.30"]
[Round "1.1"]
[White "London 68030, Mephisto"]
[Black "Designer 2325, Fidelity"]
[Result "1-0"]
[WhiteElo "2319"]
[BlackElo "2156"]
[PlyCount "133"]
[EventDate "2008.??.??"]

1. c4 e5 2. Nc3 Nc6 3. Nf3 Nf6 4. g3 Bb4 5. Bg2 O-O 6. O-O e4 7. Ng5 Bxc3 8.
bxc3 Re8 9. f3 exf3 10. Nxf3 Qe7 11. e3 Qc5 12. Qb3 d6 13. Ba3 Qb6 14. c5 dxc5
15. Ng5 Qxb3 16. axb3 Na5 17. Rfb1 c4 18. bxc4 h6 19. Nf3 Nxc4 20. Bc1 a5 21.
Nd4 c6 22. Ra4 Ne5 23. c4 Nd3 24. Ba3 Ne4 25. Nb3 Ndf2 26. Rxa5 Rxa5 27. Nxa5
Nxd2 28. Rb2 Nfe4 29. Bxe4 Nxe4 30. Nxb7 Bxb7 31. Rxb7 Nd2 32. c5 Rxe3 33. Bb4
Rb3 34. Rb8+ Kh7 35. Rd8 Ne4 36. Rd4 Ng5 37. Kf1 Rb2 38. h4 Nf3 39. Rf4 Nh2+
40. Kg1 Kg8 41. Ba5 h5 42. Bc7 Ng4 43. Bd6 Ra2 44. Rb4 Ne3 45. Rb6 Ra1+ 46. Kf2
Nd1+ 47. Kg2 Ra2+ 48. Kg1 Ne3 49. Rxc6 Nd5 50. Rc8+ Kh7 51. Rb8 Kg6 52. c6 Rc2
53. Rb5 Nf6 54. Rc5 Rxc5 55. Bxc5 Nd5 56. Bd6 Kf5 57. c7 Nb6 58. Bc5 Nc8 59.
Kf2 Ke6 60. Kf3 Kd7 61. Kf4 Kxc7 62. Bf8 g6 63. Kg5 Nb6 64. Kf6 Nc4 65. Bh6 Nd6
66. Bf4 Kd7 67. Bxd6 1-0

[Event "5.Online Aktivschach WM / Gruppe F"]
[Site "?"]
[Date "2008.12.13"]
[Round "2.2"]
[White "London 68030, Mephisto"]
[Black "RISC 2500, Saitek"]
[Result "0-1"]
[WhiteElo "2319"]
[BlackElo "2239"]
[PlyCount "158"]
[EventDate "2008.??.??"]

1. d4 d5 2. c4 dxc4 3. Nf3 Nf6 4. e3 e6 5. Bxc4 c5 6. O-O a6 7. a4 Nc6 8. Qe2
Qc7 9. Nc3 Bd6 10. dxc5 Bxc5 11. e4 Ng4 12. g3 Nce5 13. Nxe5 Nxe5 14. Bf4 Bd4
15. Bb3 O-O 16. Be3 Bxe3 17. Qxe3 Bd7 18. Rfd1 Rad8 19. Rd2 Bc6 20. Rdd1 Qa5
21. Rxd8 Rxd8 22. Rd1 Rxd1+ 23. Bxd1 Nc4 24. Qc1 Qc5 25. b3 Nd6 26. Qd2 Nxe4
27. Nxe4 Bxe4 28. Qd8+ Qf8 29. Qd4 f5 30. a5 Qc8 31. Qd6 Bd5 32. Kf1 h6 33. Qb6
Qc1 34. Qd8+ Kh7 35. Ke2 Qb2+ 36. Ke1 Qc3+ 37. Ke2 Bf3+ 38. Kf1 Qa1 39. Ke1
Bxd1 40. Qxd1 Qxa5+ 41. Ke2 Qe5+ 42. Kf1 Qd5 43. Qc2 Qh1+ 44. Ke2 Qxh2 45. Qc7
Qg2 46. Qc3 Qe4+ 47. Kf1 Qh1+ 48. Ke2 Kg6 49. Kd2 Qd5+ 50. Ke2 e5 51. b4 Qe4+
52. Kf1 Qd4 53. Qb3 Kf6 54. Ke2 g6 55. Kf1 h5 56. Kg2 Qe4+ 57. Kf1 f4 58. gxf4
Qxf4 59. b5 axb5 60. Qxb5 Qf3 61. Qb6+ Kf5 62. Qc5 g5 63. Qc8+ Kf4 64. Qc4+ Qe4
65. Qf7+ Kg4 66. Qb3 h4 67. Qe6+ Qf5 68. Qd5 b6 69. Qd1+ Kh3 70. Qd5 Qb1+ 71.
Ke2 Qb2+ 72. Kf1 Qa1+ 73. Ke2 Qa6+ 74. Ke3 Qf1 75. Qf3+ Kh2 76. Qf6 Qc1+ 77.
Ke2 Kg1 78. f3 Qf1+ 79. Kd2 h3 0-1

[Event "5.Online Aktivschach WM / Gruppe F"]
[Site "?"]
[Date "2008.12.20"]
[Round "3.1"]
[White "RISC 2500, Saitek"]
[Black "Designer 2325, Fidelity"]
[Result "1/2-1/2"]
[WhiteElo "2239"]
[BlackElo "2156"]
[PlyCount "85"]
[EventDate "2008.??.??"]

1. e4 e5 2. Nf3 Nc6 3. Bb5 a6 4. Ba4 Nf6 5. d4 Nxe4 6. Qe2 b5 7. Qxe4 d5 8. Qe3
bxa4 9. Nxe5 Nxe5 10. O-O Be6 11. dxe5 Qd7 12. Nc3 Bb4 13. Qg3 O-O 14. Bh6 f6
15. Bf4 c5 16. Rad1 c4 17. a3 Ba5 18. exf6 Rxf6 19. Be5 Rg6 20. Qf3 Rf8 21. Qe3
Qc6 22. f3 Bb6 23. Bd4 Bc7 24. Bc5 Rb8 25. Rb1 Bh3 26. Rf2 Re6 27. Qd4 Be5 28.
Qxd5 Bxc3 29. Qxc4 Rb5 30. Qxc3 Rxc5 31. Qb4 Bf5 32. Rd1 Rxc2 33. Rd8+ Re8 34.
Rxe8+ Qxe8 35. Rxc2 Bxc2 36. Qc4+ Kf8 37. Qf4+ Ke7 38. Qe3+ Kf7 39. Qf4+ Kg6
40. Qd6+ Kf7 41. Qf4+ Ke6 42. Qe3+ Kf7 43. Qf4+ 1/2-1/2

[Event "5.Online Aktivschach WM / Gruppe F"]
[Site "?"]
[Date "2008.12.30"]
[Round "4.1"]
[White "Designer 2325, Fidelity"]
[Black "London 68030, Mephisto"]
[Result "0-1"]
[WhiteElo "2156"]
[BlackElo "2319"]
[PlyCount "82"]
[EventDate "2008.??.??"]

1. d4 d5 2. c4 dxc4 3. Nf3 a6 4. e3 Bg4 5. Bxc4 e6 6. h3 Bh5 7. Nc3 Nf6 8. O-O
Nc6 9. Be2 Bd6 10. b3 O-O 11. Bb2 Qe7 12. Qd2 Rad8 13. a3 e5 14. d5 e4 15. Nh4
Bxe2 16. Nxe2 Nxd5 17. Nf5 Qg5 18. Nxd6 Rxd6 19. Qc2 Qg6 20. Ng3 Nxe3 21. fxe3
Qxg3 22. Qxe4 Re6 23. Qf3 Rxe3 24. Qxg3 Rxg3 25. b4 Rd8 26. Rad1 Rgd3 27. Rxd3
Rxd3 28. Kh1 f6 29. Re1 Kf7 30. Bc1 a5 31. b5 Ne5 32. a4 Rd4 33. Bb2 Rxa4 34.
Bxe5 fxe5 35. Rc1 c6 36. bxc6 bxc6 37. Rxc6 e4 38. Rc7+ Kf6 39. Rc6+ Ke5 40.
Rc7 Kd6 41. Rxg7 e3 0-1

[Event "5.Online Aktivschach WM / Gruppe F"]
[Site "?"]
[Date "2009.01.03"]
[Round "5.2"]
[White "RISC 2500, Saitek"]
[Black "London 68030, Mephisto"]
[Result "1/2-1/2"]
[WhiteElo "2239"]
[BlackElo "2319"]
[PlyCount "123"]
[EventDate "2008.??.??"]

1. d4 d5 2. c4 dxc4 3. Nf3 Nf6 4. e3 e6 5. Bxc4 c5 6. O-O a6 7. b3 b5 8. Be2
Bb7 9. Bb2 Nbd7 10. Nbd2 Rc8 11. a4 bxa4 12. Rxa4 cxd4 13. Bxd4 Nb8 14. Qb1 Bd6
15. Nc4 Bc7 16. Rd1 Qe7 17. Be5 Bxe5 18. Nfxe5 Nd5 19. Qb2 O-O 20. e4 Nf4 21.
Nd6 Rcd8 22. Nec4 f5 23. f3 fxe4 24. Nxb7 Nxe2+ 25. Qxe2 exf3 26. gxf3 Rxd1+
27. Qxd1 Qxb7 28. Ne5 Qc7 29. Re4 Rd8 30. Qe1 Qc2 31. Rc4 Qxb3 32. Rc1 Qb6+ 33.
Kh1 Qd6 34. Qa5 Rf8 35. Rc7 Qd1+ 36. Kg2 Qe2+ 37. Kg3 Qe3 38. Qa1 Qg5+ 39. Kf2
Qd2+ 40. Kg3 Qf4+ 41. Kh3 Rd8 42. Qc3 Qh6+ 43. Kg3 Qf6 44. Qe3 Rf8 45. Qc3 Qg5+
46. Kh3 Qf5+ 47. Kg2 Rd8 48. Rc8 Qg5+ 49. Kf2 Qe7 50. Qc4 Re8 51. f4 g6 52. Ke3
Qf8 53. Rc7 Qa3+ 54. Ke4 Qb2 55. Rg7+ Kh8 56. Rxh7+ Kxh7 57. Qc7+ Kh8 58. Nf7+
Kg8 59. Nh6+ Kh8 60. Nf7+ Kg8 61. Nh6+ Kh8 62. Nf7+ 1/2-1/2

[Event "5.Online Aktivschach WM / Gruppe F"]
[Site "?"]
[Date "2009.01.12"]
[Round "5.1"]
[White "CM The King 2.0 16 MHz 1MB, TASC."]
[Black "Designer 2325, Fidelity"]
[Result "1-0"]
[WhiteElo "1791"]
[BlackElo "2260"]
[PlyCount "107"]
[EventDate "2009.??.??"]

1. d4 d5 2. c4 e6 3. Nc3 Nf6 4. cxd5 exd5 5. Bg5 c6 6. Qc2 Be7 7. Nf3 Na6 8. e3
Nb4 9. Qb1 g6 10. Qd1 Bf5 11. Rc1 Qa5 12. Qb3 Qb6 13. Kd2 O-O 14. Be2 Rfe8 15.
Ne5 Ne4+ 16. Nxe4 Bxe4 17. Nd7 Qd8 18. Bxe7 Qxe7 19. Nc5 a5 20. a3 Na6 21. Bxa6
bxa6 22. f3 Rab8 23. Qc3 Qg5 24. Rcg1 Bf5 25. b3 Rb6 26. g4 Bc8 27. h4 Qf6 28.
Ke2 Kh8 29. h5 Rb5 30. Rg3 g5 31. Rc1 Qf4 32. Kf2 Qf6 33. Qd2 Qe7 34. e4 Rd8
35. e5 Re8 36. Rgg1 Rg8 37. Rge1 Qf8 38. Kg2 Qg7 39. Qc3 Re8 40. Kg3 Qf8 41.
Re2 f6 42. Rce1 fxe5 43. Rxe5 Rxe5 44. Rxe5 h6 45. Qe3 Qd6 46. Kg2 Rb8 47. Re8+
Kg7 48. a4 Ra8 49. Ne6+ Kf7 50. Nd8+ Kg7 51. Nxc6 Kf7 52. Ne7 Be6 53. Rxa8 Kxe7
54. Rh8 1-0

[Event "5.Online Aktivschach WM / Gruppe F"]
[Site "?"]
[Date "2009.01.17"]
[Round "6.1"]
[White "Designer 2325, Fidelity"]
[Black "RISC 2500, Saitek"]
[Result "0-1"]
[WhiteElo "2156"]
[BlackElo "2239"]
[PlyCount "52"]
[EventDate "2009.??.??"]

1. e4 c5 2. Nf3 Nc6 3. d4 cxd4 4. Nxd4 Nf6 5. Nc3 g6 6. Nxc6 bxc6 7. e5 Ng8 8.
Bc4 Bg7 9. Qf3 f5 10. Bf4 Qa5 11. Qe3 Rb8 12. O-O-O Rb4 13. Qe2 Qc5 14. b3 d5
15. exd6 Bxc3 16. Qd3 Rxc4 17. d7+ Bxd7 18. Qxd7+ Kf7 19. Bd6 Qxf2 20. Rhf1
Bb2+ 21. Kxb2 Rxc2+ 22. Ka3 Rxa2+ 23. Kb4 a5+ 24. Kc3 Rc2+ 25. Kd3 Qe2+ 26. Kd4
Qe4# 0-1

[Event "5.Online Aktivschach WM / Gruppe G"]
[Site "?"]
[Date "2008.11.27"]
[Round "1.2"]
[White "Sapphire II, Novag"]
[Black "Magellan, Mephisto"]
[Result "1-0"]
[WhiteElo "2138"]
[BlackElo "2241"]
[PlyCount "123"]
[EventDate "2008.??.??"]

1. e4 c5 2. Nf3 Nc6 3. d4 cxd4 4. Nxd4 g6 5. Nc3 Bg7 6. Be3 Nf6 7. Bc4 Qa5 8.
O-O O-O 9. Nb3 Qc7 10. f4 d6 11. Be2 b6 12. Bf3 Bb7 13. Bf2 Rfd8 14. Nd5 Nxd5
15. exd5 Na5 16. Nxa5 bxa5 17. c3 Ba6 18. Re1 Rab8 19. Be2 Bc8 20. Rb1 e5 21.
fxe5 dxe5 22. Qd2 e4 23. Be3 Be5 24. h3 f5 25. Rf1 Bb7 26. c4 Ba6 27. Bd4 Re8
28. Bxe5 Rxe5 29. Qd4 Rbe8 30. Qe3 Qb7 31. Rfd1 Rc8 32. d6 Rd8 33. b3 Qb8 34.
Qd4 Re6 35. d7 Qa8 36. Kh1 Qb7 37. Rb2 Re7 38. Rbd2 Re6 39. Qd5 Qxd5 40. Rxd5
Kf7 41. Rxa5 Ke7 42. b4 Rxd7 43. Rxd7+ Kxd7 44. b5 Bb7 45. c5 a6 46. c6+ Bxc6
47. bxc6+ Rxc6 48. Rxa6 Rxa6 49. Bxa6 Kc6 50. a4 Kb6 51. Bb5 f4 52. Kg1 g5 53.
Kf2 h5 54. Ke2 Kc5 55. Be8 Kb4 56. Kd2 g4 57. h4 g3 58. Ke2 f3+ 59. gxf3 g2 60.
Kf2 g1=Q+ 61. Kxg1 exf3 62. Kf2 1-0

[Event "5.Online Aktivschach WM / Gruppe G"]
[Site "?"]
[Date "2008.11.30"]
[Round "1.1"]
[White "Portorose 68020 24 MHz, Mephisto"]
[Black "R30 V2.5, TASC."]
[Result "0-1"]
[WhiteElo "2210"]
[BlackElo "2336"]
[PlyCount "92"]
[EventDate "2008.??.??"]

1. d4 f5 2. c4 Nf6 3. g3 e6 4. Bg2 Be7 5. Nf3 d6 6. O-O d5 7. Ne5 Nbd7 8. Nc3
c6 9. Nxd7 Bxd7 10. cxd5 exd5 11. Bf4 Qb6 12. Na4 Qb5 13. Qc2 O-O 14. e3 Rae8
15. Rac1 Qa5 16. a3 Ne4 17. Rfd1 b6 18. b4 Qa6 19. Ra1 Qc4 20. Qxc4 dxc4 21.
Rdc1 Be6 22. Nb2 b5 23. Nd1 Ra8 24. Nc3 Nxc3 25. Rxc3 Bd5 26. Bc7 Rfc8 27. Ba5
Rab8 28. Bh3 Be4 29. f3 Bd3 30. Kf2 g6 31. Bf1 Bxf1 32. Rxf1 Bf6 33. h4 Rb7 34.
Rh1 Re8 35. h5 Rbe7 36. f4 gxh5 37. Kf3 h4 38. gxh4 h5 39. a4 Kg7 40. Kf2 Kh7
41. axb5 cxb5 42. Rh2 Rxe3 43. Rxe3 Bxd4 44. Rhh3 c3 45. Ke2 Bxe3 46. Rxe3 c2
0-1

[Event "5.Online Aktivschach WM / Gruppe G"]
[Site "?"]
[Date "2008.12.14"]
[Round "2.1"]
[White "R30 V2.5, TASC."]
[Black "Magellan, Mephisto"]
[Result "1-0"]
[WhiteElo "2336"]
[BlackElo "2241"]
[PlyCount "61"]
[EventDate "2008.??.??"]

1. e4 c5 2. Nf3 Nc6 3. c3 e6 4. d4 cxd4 5. cxd4 d5 6. exd5 exd5 7. Nc3 Bb4 8.
Bd3 Bg4 9. O-O Nxd4 10. Qa4+ Nc6 11. Bb5 Bxc3 12. Bxc6+ bxc6 13. bxc3 Bd7 14.
Re1+ Ne7 15. Ba3 c5 16. Qd1 Rc8 17. Qxd5 O-O 18. Qh5 Nf5 19. Rad1 g6 20. Qg4
Nd4 21. Qf4 Nc2 22. Ne5 Nxe1 23. Nxd7 Qa5 24. Qh6 Qxc3 25. Bxc5 Nf3+ 26. gxf3
Qxf3 27. Rd3 Qg4+ 28. Kf1 Qxd7 29. Rxd7 Rxc5 30. Rxa7 Rcc8 31. a4 1-0

[Event "5.Online Aktivschach WM / Gruppe G"]
[Site "?"]
[Date "2008.12.16"]
[Round "2.2"]
[White "Portorose 68020 24 MHz, Mephisto"]
[Black "Sapphire II, Novag"]
[Result "1-0"]
[WhiteElo "2210"]
[BlackElo "2138"]
[PlyCount "103"]
[EventDate "2008.??.??"]

1. d4 Nf6 2. Nf3 d5 3. Bg5 Ne4 4. Bf4 c5 5. e3 Qb6 6. b3 Qa5+ 7. c3 Bf5 8. Nfd2
e6 9. Nxe4 Bxe4 10. dxc5 Qxc5 11. Nd2 Bg6 12. c4 Nc6 13. a3 d4 14. Be2 O-O-O
15. O-O Bd6 16. b4 Qf5 17. Bxd6 Rxd6 18. c5 Rdd8 19. Nc4 Kb8 20. Nd6 dxe3 21.
Nxf5 exf2+ 22. Rxf2 Rxd1+ 23. Rxd1 Bxf5 24. Rd7 Ne5 25. Rd6 Kc7 26. Rf4 b6 27.
g4 bxc5 28. Ra6 Bg6 29. Rxa7+ Kb6 30. Ra6+ Kc7 31. Ra5 Nd7 32. bxc5 Ne5 33.
Ra7+ Kc6 34. Bf1 f6 35. Rxg7 f5 36. Re7 Nxg4 37. Rxe6+ Kxc5 38. Be2 Nh6 39.
Rc4+ Kd5 40. Rcc6 Rb8 41. Bf3+ Kd4 42. Rcd6+ Kc3 43. Re3+ Kc4 44. Re1 Rf8 45.
Rb1 Nf7 46. Rb4+ Kc3 47. Rc6+ Kd3 48. Kf2 Re8 49. Rb1 Kd4 50. Rd1+ Ke5 51. Re1+
Kf4 52. Rxe8 1-0

[Event "5.Online Aktivschach WM / Gruppe G"]
[Site "?"]
[Date "2008.12.20"]
[Round "3.2"]
[White "Magellan, Mephisto"]
[Black "Portorose 68020 24 MHz, Mephisto"]
[Result "1/2-1/2"]
[WhiteElo "2241"]
[BlackElo "2210"]
[PlyCount "121"]
[EventDate "2008.??.??"]

1. d4 d5 2. c4 dxc4 3. Nf3 Nf6 4. e3 e6 5. Bxc4 c5 6. O-O a6 7. Qe2 Nc6 8. dxc5
Bxc5 9. e4 b5 10. Bb3 e5 11. Rd1 Nd4 12. Nxd4 Bxd4 13. Be3 O-O 14. Bxd4 exd4
15. Na3 Re8 16. e5 Bf5 17. Bc2 Qd7 18. Rd2 Ng4 19. Bxf5 Qxf5 20. Rxd4 Nxe5 21.
Re4 Re6 22. Nc2 Qg6 23. Rxe5 Rxe5 24. Qxe5 Qxc2 25. Re1 h6 26. g3 Rd8 27. Kg2
Qc6+ 28. f3 Qc4 29. a3 Rd2+ 30. Kh3 Qc2 31. Qe8+ Kh7 32. Qxf7 Rxh2+ 33. Kg4 Qc5
34. Qe7 Qd4+ 35. Re4 Qd2 36. Qe5 h5+ 37. Kf5 Rf2 38. f4 Qd1 39. Re3 Qg4+ 40.
Ke4 Rd2 41. Qf5+ Qxf5+ 42. Kxf5 Rxb2 43. Kg5 Rh2 44. g4 hxg4 45. Kxg4 Rb2 46.
Kf5 b4 47. axb4 Rxb4 48. Rh3+ Kg8 49. Rc3 a5 50. Rc7 Kh7 51. Ra7 Rb5+ 52. Kg4
Kh6 53. Ra8 g6 54. Ra6 Rd5 55. Ra8 Rf5 56. Ra6 Rb5 57. Ra8 Rd5 58. Rh8+ Kg7 59.
Ra8 Rf5 60. Ra7+ Kf6 61. Ra6+ 1/2-1/2

[Event "5.Online Aktivschach WM / Gruppe G"]
[Site "?"]
[Date "2008.12.21"]
[Round "3.1"]
[White "Sapphire II, Novag"]
[Black "R30 V2.5, TASC."]
[Result "0-1"]
[WhiteElo "2138"]
[BlackElo "2336"]
[PlyCount "126"]
[EventDate "2008.??.??"]

1. e4 c5 2. Nf3 e6 3. d4 cxd4 4. Nxd4 Nc6 5. Nc3 a6 6. Be3 d5 7. exd5 exd5 8.
Qe2 Be7 9. O-O-O Nf6 10. Re1 O-O 11. Bg5 Bc5 12. Nb3 Bb4 13. Qf3 Be6 14. Bxf6
Qxf6 15. Qxf6 gxf6 16. Re3 Bd6 17. Rd3 Rfd8 18. Be2 d4 19. Ne4 Be5 20. Kb1 Nb4
21. Rd2 Bd5 22. f3 f5 23. Nec5 b6 24. Nd3 Nxd3 25. Bxd3 Be6 26. g3 Bg7 27. Re2
Ra7 28. Rhe1 a5 29. a3 Rc7 30. Ka1 Bf6 31. Nd2 Rdc8 32. Rxe6 fxe6 33. Rxe6 Rxc2
34. Bxc2 Rxc2 35. Rxf6 Rxd2 36. Rxb6 Rxh2 37. Rd6 Rg2 38. Rxd4 Rxg3 39. Rf4 Rg5
40. b4 axb4 41. axb4 Kf7 42. b5 Ke6 43. b6 Rg7 44. Rh4 Rb7 45. Rh6+ Ke5 46. Kb2
Kf4 47. Kc3 Kxf3 48. Kd4 f4 49. Kd5 Rb8 50. Kc6 Rc8+ 51. Kb7 Rh8 52. Rf6 Kg3
53. Rf7 h5 54. Rg7+ Kf3 55. Kc7 h4 56. Rg1 Ke2 57. Rg4 f3 58. Re4+ Kf2 59. b7
Kg3 60. Re3 h3 61. b8=Q Rxb8 62. Kxb8 h2 63. Re1 f2 0-1

[Event "5.Online Aktivschach WM / Gruppe G"]
[Site "?"]
[Date "2008.12.26"]
[Round "4.2"]
[White "Magellan, Mephisto"]
[Black "Sapphire II, Novag"]
[Result "1-0"]
[WhiteElo "2241"]
[BlackElo "2138"]
[PlyCount "159"]
[EventDate "2008.??.??"]

1. e4 e5 2. d4 exd4 3. c3 dxc3 4. Bc4 cxb2 5. Bxb2 d5 6. Bxd5 Nf6 7. Bxf7+ Kxf7
8. Qxd8 Bb4+ 9. Qd2 Bxd2+ 10. Nxd2 Re8 11. f3 c5 12. Nc4 Rd8 13. Rd1 Rxd1+ 14.
Kxd1 Nc6 15. Ne2 Ne8 16. Kd2 Be6 17. Rc1 Rd8+ 18. Ke3 Kg8 19. Nf4 Bf7 20. a4 h6
21. Nd3 b6 22. Nde5 Bxc4 23. Nxc6 Rd3+ 24. Kf4 Rd2 25. Bxg7 Kxg7 26. Rxc4 Rxg2
27. h3 Nd6 28. Rc1 Nf7 29. Nxa7 Ng5 30. h4 Ne6+ 31. Ke5 Nd4 32. Rf1 Nb3 33. Kf4
c4 34. Rb1 Nd4 35. Rb4 Rc2 36. Nb5 Nc6 37. Rb1 Ne7 38. Nd6 c3 39. Nc4 Re2 40.
Rc1 c2 41. Na3 Ng6+ 42. Kg3 Re3 43. Nb5 Ne5 44. Kf4 Re1 45. Rxc2 Ng6+ 46. Kg3
Rg1+ 47. Kf2 Ra1 48. Rc7+ Kf6 49. Rc6+ Kg7 50. Nd4 Nxh4 51. Kg3 Ng6 52. Nf5+
Kh7 53. Rxb6 Rxa4 54. Rb7+ Kh8 55. Nxh6 Ra1 56. f4 Rg1+ 57. Kf2 Rh1 58. Nf7+
Kg8 59. f5 Nf4 60. Ne5 Nh5 61. Ng6 Nf6 62. e5 Ne4+ 63. Ke3 Nc5 64. Rc7 Rh3+ 65.
Kd4 Nb3+ 66. Kc4 Nd2+ 67. Kd5 Rd3+ 68. Ke6 Ne4 69. f6 Ng5+ 70. Kf5 Rf3+ 71.
Kxg5 Rf5+ 72. Kg4 Rg5+ 73. Kf4 Rxg6 74. Kf5 Rg3 75. Rg7+ Rxg7 76. fxg7 Kf7 77.
g8=Q+ Kxg8 78. Ke6 Kg7 79. Kd6 Kg6 80. e6 1-0

[Event "5.Online Aktivschach WM / Gruppe G"]
[Site "?"]
[Date "2008.12.26"]
[Round "4.1"]
[White "R30 V2.5, TASC."]
[Black "Portorose 68020 24 MHz, Mephisto"]
[Result "1-0"]
[WhiteElo "2336"]
[BlackElo "2210"]
[PlyCount "159"]
[EventDate "2008.??.??"]

1. c4 e5 2. Nc3 Nf6 3. g3 Bb4 4. Bg2 O-O 5. Nf3 Re8 6. O-O e4 7. Nd4 Nc6 8. Nc2
Bxc3 9. dxc3 d6 10. Bg5 h6 11. Bxf6 Qxf6 12. Ne3 Bf5 13. Qb3 b6 14. Rad1 Qg6
15. Nxf5 Qxf5 16. Qa4 Ne5 17. Rd4 Ng4 18. Qc6 Rac8 19. Rxe4 Rxe4 20. Qxe4 Qxe4
21. Bxe4 Re8 22. Bf5 Ne5 23. b3 g6 24. Bh3 h5 25. Bg2 Kg7 26. Rd1 f5 27. h4 Kf6
28. Kf1 a5 29. e3 Re7 30. Ke2 a4 31. Bb7 a3 32. Bg2 Nd7 33. Bc6 Ne5 34. Bb7 Re8
35. Bg2 Ng4 36. Bc6 Re7 37. Ba4 Ne5 38. f3 Kf7 39. Rd2 Kf6 40. Rd4 Nf7 41. Bb5
Re5 42. Rd2 Re7 43. Rd3 Ne5 44. Rd1 Kg7 45. Kf2 Kf6 46. Ba6 Nd7 47. Bb7 Kg7 48.
Ba8 Re8 49. Bc6 Re7 50. e4 Ne5 51. Ba8 Re8 52. Bb7 Kf6 53. Kg2 Re7 54. Rd2 Nd7
55. exf5 gxf5 56. Kf2 Ne5 57. Rd5 Rg7 58. Rd4 Rd7 59. Ba6 Rg7 60. Bb5 Kf7 61.
c5 dxc5 62. Ra4 Ke6 63. Rxa3 Rg8 64. Ra7 Kd6 65. Be2 Nc6 66. Ra4 Ne5 67. a3 Kc6
68. Rf4 Rf8 69. g4 Ng6 70. Rxf5 Rxf5 71. gxf5 Nf4 72. Bc4 Nd5 73. Bxd5+ Kxd5
74. f4 Kd6 75. a4 c4 76. b4 c5 77. b5 Kd7 78. a5 bxa5 79. f6 Kd6 80. b6 1-0

[Event "5.Online Aktivschach WM / Gruppe G"]
[Site "?"]
[Date "2009.01.04"]
[Round "5.2"]
[White "Sapphire II, Novag"]
[Black "Portorose 68020 24 MHz, Mephisto"]
[Result "1/2-1/2"]
[WhiteElo "2138"]
[BlackElo "2210"]
[PlyCount "129"]
[EventDate "2008.??.??"]

1. e4 e5 2. Nf3 Nc6 3. Bb5 a6 4. Ba4 Nf6 5. O-O Be7 6. Re1 b5 7. Bb3 O-O 8. c3
d5 9. exd5 Nxd5 10. Nxe5 Nxe5 11. Rxe5 c6 12. d4 Bd6 13. Re2 Bf5 14. Bxd5 cxd5
15. Nd2 Re8 16. Nf3 Qc7 17. a4 Bg4 18. axb5 Bxf3 19. gxf3 Bxh2+ 20. Kg2 axb5
21. Qd3 Rab8 22. Rxe8+ Rxe8 23. Qxb5 Rd8 24. Qa5 Qxa5 25. Rxa5 Bb8 26. b4 h5
27. b5 Bc7 28. Ra7 Rc8 29. Rb7 Kh7 30. Bd2 Kg6 31. b6 Bb8 32. Kh3 Rd8 33. Kh4
Bd6 34. f4 f5 35. Be3 Rb8 36. Rxb8 Bxb8 37. Bc1 Bd6 38. Bd2 Kh6 39. Kh3 Kh7 40.
f3 Kg6 41. Kh4 Kh6 42. Be1 g6 43. Kh3 Kg7 44. Bh4 Kf7 45. Kg3 Ke6 46. Bg5 Kd7
47. Bf6 Kc6 48. Be5 Ba3 49. Bf6 Kxb6 50. Kh4 Bd6 51. Kg5 h4 52. Kxh4 Bxf4 53.
Bg5 Bc7 54. Bd2 Bd8+ 55. Bg5 Bc7 56. Bf6 Kb5 57. Kg5 Kc4 58. Kxg6 f4 59. Kf5
Kxc3 60. Be5 Bb6 61. Bxf4 Kxd4 62. Be5+ Kc4 63. f4 Be3 64. Ke6 Bxf4 65. Bxf4
1/2-1/2

[Event "5.Online Aktivschach WM / Gruppe G"]
[Site "?"]
[Date "2009.01.04"]
[Round "5.1"]
[White "Magellan, Mephisto"]
[Black "R30 V2.5, TASC."]
[Result "1-0"]
[WhiteElo "2241"]
[BlackElo "2336"]
[PlyCount "137"]
[EventDate "2009.??.??"]

1. e4 e6 2. d4 d5 3. Nc3 Bb4 4. Bd3 c5 5. exd5 Qxd5 6. Bd2 Bxc3 7. Bxc3 cxd4 8.
Bxd4 Qxg2 9. Qf3 Qxf3 10. Nxf3 Nf6 11. Rg1 Nc6 12. Rxg7 Nxd4 13. Nxd4 Kf8 14.
Rg3 Rg8 15. Rxg8+ Kxg8 16. Rd1 e5 17. Nb5 Bg4 18. Rd2 Bf3 19. Bc4 b6 20. h3 h6
21. Nd6 Rf8 22. Nf5 h5 23. Rd6 Nh7 24. Rd7 Ng5 25. h4 Bg4 26. Nh6+ Kg7 27. Nxg4
Nf3+ 28. Ke2 hxg4 29. Rxa7 Rc8 30. Rxf7+ Kg6 31. h5+ Kxh5 32. Rh7+ Kg5 33. Rg7+
Kf5 34. Bd3+ e4 35. Bxe4+ Kxe4 36. Rxg4+ Ke5 37. Kxf3 Rxc2 38. Rb4 Rc6 39. Ke3
Kd6 40. f4 Kc5 41. a3 Rf6 42. b3 Rh6 43. Rc4+ Kd6 44. Rd4+ Ke7 45. Ke4 Re6+ 46.
Kf5 Rc6 47. Kg5 Rc8 48. f5 Rg8+ 49. Kf4 Rc8 50. Rc4 Rd8 51. Ke5 Rd3 52. Rb4 Rd6
53. a4 Rh6 54. Rb5 Rc6 55. b4 Kf7 56. Rd5 Ke7 57. Rd4 Rh6 58. Rg4 Rh3 59. Rg7+
Ke8 60. Rb7 Re3+ 61. Kf6 Ra3 62. Rxb6 Rxa4 63. Ke6 Ra8 64. b5 Kf8 65. Rd6 Ke8
66. f6 Ra7 67. b6 Re7+ 68. Kd5 Rh7 69. Kc6 1-0

[Event "5.Online Aktivschach WM / Gruppe G"]
[Site "?"]
[Date "2009.01.10"]
[Round "6.2"]
[White "Portorose 68020 24 MHz, Mephisto"]
[Black "Magellan, Mephisto"]
[Result "1-0"]
[WhiteElo "2210"]
[BlackElo "2241"]
[PlyCount "119"]
[EventDate "2009.??.??"]

1. e4 c5 2. Nf3 Nc6 3. d4 cxd4 4. Nxd4 Nf6 5. Nc3 d6 6. Bg5 e6 7. Qd2 Be7 8.
Bb5 Bd7 9. O-O-O O-O 10. Nb3 Rc8 11. Kb1 a6 12. Be2 Nb8 13. Bf4 Ne8 14. Qe3 Qc7
15. Bg5 Bxg5 16. Qxg5 b5 17. a3 Nc6 18. h4 b4 19. axb4 Nxb4 20. Qa5 Bb5 21.
Qxc7 Nxc7 22. Nxb5 Nxb5 23. c4 Na7 24. Rxd6 Rfd8 25. Rhd1 Rxd6 26. Rxd6 Kf8 27.
Rb6 Nac6 28. f4 Ke7 29. Rb7+ Kf8 30. c5 h6 31. e5 Rb8 32. Rxb8+ Nxb8 33. Nd4
Ke8 34. Nc2 Nd5 35. g3 Kd7 36. Bd3 Kc7 37. Bc4 Nd7 38. b4 a5 39. c6 N7b6 40.
Bxd5 Nxd5 41. bxa5 Kxc6 42. Kb2 Kb5 43. Nd4+ Kc5 44. Nb3+ Kb5 45. h5 Ne7 46.
Kc3 Nf5 47. Nd4+ Kxa5 48. Nxf5 exf5 49. Kd4 Kb6 50. e6 fxe6 51. Ke5 Kc7 52.
Kxe6 Kd8 53. Kxf5 Ke7 54. Kg6 Kf8 55. g4 Kg8 56. g5 hxg5 57. fxg5 Kh8 58. Kf7
Kh7 59. h6 g6 60. Kf6 1-0

[Event "5.Online Aktivschach WM / Gruppe G"]
[Site "?"]
[Date "2009.01.14"]
[Round "6.1"]
[White "R30 V2.5, TASC."]
[Black "Sapphire II, Novag"]
[Result "1-0"]
[WhiteElo "2336"]
[BlackElo "2138"]
[PlyCount "103"]
[EventDate "2009.??.??"]

1. d4 Nf6 2. Nf3 d5 3. c4 c6 4. Nc3 dxc4 5. a4 Bf5 6. e3 e6 7. Bxc4 Bb4 8. O-O
Nbd7 9. Qe2 Bg6 10. Bd2 O-O 11. Na2 Bxd2 12. Qxd2 e5 13. Nc3 exd4 14. exd4 Bh5
15. Ng5 Nb6 16. Bd3 h6 17. a5 hxg5 18. axb6 Qxb6 19. Na4 Qc7 20. Rfe1 Qf4 21.
Qxf4 gxf4 22. Nc5 b6 23. Ne4 Nd5 24. Nc3 Nb4 25. Bf5 g6 26. Bb1 f5 27. f3 Rfd8
28. Ne2 Re8 29. Kf2 Nd5 30. Rc1 Kg7 31. Rxc6 Red8 32. Bc2 Kh8 33. Bb3 Nb4 34.
Rc7 Nd3+ 35. Kf1 a5 36. Rd1 Nxb2 37. Rd2 a4 38. Ba2 a3 39. d5 Rac8 40. d6 g5
41. Be6 Ra8 42. Nc3 b5 43. g4 fxg4 44. Rd5 a2 45. Nxa2 Rxa2 46. Rxg5 Ra1+ 47.
Kg2 gxf3+ 48. Kh3 Bf7 49. Rxf7 Rxd6 50. Rf8+ Kh7 51. Bf5+ Rg6 52. Rxg6 1-0